|
|
|
|
| LEADER |
00609nab a2200145 i 4500 |
| 001 |
delm67756 |
| 005 |
20180927153759.0 |
| 008 |
180927s1963 hu o 0|| hun d |
| 040 |
|
|
|a SZTE Délmagyarország Archívum
|b hun
|
| 041 |
|
|
|a hun
|
| 245 |
0 |
0 |
|a Műszakiak munkabizottságai segítik a szakszervezetek tevékenységét
|h [elektronikus dokumentum] :
|b megyei műszaki konferenciát tartottak Szegeden
|
| 260 |
|
|
|c 1963-03-23
|
| 300 |
|
|
|a 5
|
| 490 |
0 |
|
|a Délmagyarország
|v 53 No. 69
|
| 695 |
|
|
|a Juhász József, Balogh István, Műszaki fejlesztés ipar 1963, Szakszervezeti mozgalom, találmányok, újítások, szabadalmak
|